| 000 | 00332nam a2200121Ia 4500 | ||
|---|---|---|---|
| 008 | 190216s9999||||xx |||||||||||||| ||und|| | ||
| 100 | _aPuri B.R & Sharma.L.R | ||
| 245 | 0 | _aPrinciples Of Physical Chemistry | |
| 260 |
_bShobhan Lal Nagin Chand & Co _c2000 |
||
| 300 | _a1359 | ||
| 650 | _aChemistry-Chemistry | ||
| 942 | _cBK | ||
| 999 |
_c2791 _d2791 |
||